| 000 | 00370nam a22001457a 4500 | ||
|---|---|---|---|
| 020 | _a978-81-264-7636-1 | ||
| 082 |
_a894.812-1 _bCHU/R |
||
| 100 | _aCHULLIKKAD, BALACHANDRAN | ||
| 245 |
_aRAKTHAKINNARAM _bSUGATHAKUMARIKK PREEYAPPETTA CHULLIKKAD KAVITHAKAL |
||
| 260 |
_aKOTTAYAM _bDC BOOKS _c2018 |
||
| 300 | _a136 | ||
| 520 | _aPOETRY | ||
| 650 | _aPOETRY | ||
| 942 | _cBK | ||
| 999 |
_c4126 _d4126 |
||